000 00459nam a2200157 a 4500
001 8000
005 20180713191916.0
008 140415s1990 xxu 000 0 eng d
041 _aeng
082 _a628.165
_bFIN
245 0 0 _aFINE PORE AEROTION FOR WASTEWATER TREATMENT
250 _a1a ed.
260 _aESTADOS UNIDOS DE AMERICA :
_bNOYES DATA CORPORATION,
_c1990
300 _a296
650 1 4 _aPURIFICACION DE AGUAS DE ALBAAL
_xAERACION
999 _c8000
_d8000